000 01070cab a2200193 4500
001 ##L134462
008 060613n2006 000 0 eng u
035 _a(Sirsi) u134462
041 0 _aeng
245 0 0 _aEG finance
_bJLL monthly prime yields
260 _c2006
490 0 _aEstates Gazette
_v(0631) 5 August 2006, 32(1)
520 _aReports stable yields although downward pressure remains. Investment in the office sector shows no sign of abating, and interest is being maintained in industrial property by an improvement in occupier demand and rental growth outlook. Retail investors are focusing on retail warehousing with open consents. Details the latest UK prime yields for the retail, office and industrial sectors. Yields are generated by Jones Lang LaSalle (JLL), based on evidence derived from the latest deals by JLL and other agents. Table and graphs.
590 _aIKA220806
650 2 4 _aJLL MONTHLY PRIME YIELDS
651 4 _aUnited Kingdom
_y
690 _aPROPERTY-COMMERCIAL PROPERTY-COMMERCIAL PROPERTY FINANCE AND INVESTMENT
942 _n0
999 _c77530
_d77530